The gospel of God: (Record no. 5699)

000 -LEADER
fixed length control field 00593nam a2200181 a 4500
001 - CONTROL NUMBER
control field :::00003441$&:&@@
003 - CONTROL NUMBER IDENTIFIER
control field OkBaRHE
005 - DATE AND TIME OF LATEST TRANSACTION
control field 20000607103305.0
008 - FIXED-LENGTH DATA ELEMENTS--GENERAL INFORMATION
fixed length control field j 000 0 eng u
040 ## - CATALOGING SOURCE
Transcribing agency
100 1# - MAIN ENTRY--PERSONAL NAME
Personal name Pettingill, William Leroy, 1866-
245 14 - TITLE STATEMENT
Title The gospel of God:
Remainder of title simple studies in Romans.
260 ## - PUBLICATION, DISTRIBUTION, ETC. (IMPRINT)
Place of publication, distribution, etc Findlay, OH., :
Name of publisher, distributor, etc Fundamental Truth Publishers
Date of publication, distribution, etc nd
300 ## - PHYSICAL DESCRIPTION
Extent 231 p. ;
Dimensions 20 cm.
650 ## - SUBJECT ADDED ENTRY--TOPICAL TERM
Topical term or geographic name as entry element Bible New Testament Romans
General subdivision Study
942 ## - ADDED ENTRY ELEMENTS (KOHA)
Source of classification or shelving scheme
Koha item type Books
Copies
Full call number Not for loan Permanent Location Damaged status Koha item type Date acquired Copy number Source of classification or shelving scheme Lost status Barcode Price effective from Withdrawn status Date last seen Shelving location
BS 2665 .P395 RHEMA Bible Training College Books2010-04-141  34412010-04-14 2018-03-28General Stacks